Chiesa della fede, Chiesa della storia

Guardat en:
Dades bibliogràfiques
Autor principal: Jedin, Hubert (Autor)
Format: Llibre
Idioma:italià
Publicat: Brescia Morcelliana 1972
Edició:1a. ed
Matèries:
Etiquetes: Afegir etiqueta
Sense etiquetes, Sigues el primer a etiquetar aquest registre!

MARC

LEADER 00000cam a2200000 a 4500
001 UCE7086
003 CL-VaPUC
008 150529e19720000it |||||||||||||||||ita|d
082 0 4 |a 270  |b JED  |2 21 
100 |a Jedin, Hubert  |e author  |9 586348 
245 1 0 |a Chiesa della fede, Chiesa della storia 
250 |a 1a. ed 
300 |a 768 p 
942 |c BK 
945 |d 20150529 15:00:00  |a dcastane 
260 |a Brescia  |b Morcelliana  |c 1972 
650 0 |a Historia de la iglesia   |9 257565 
650 0 |a Eclesiología   |9 366152 
583 |a last modification  |c 20150529 15:00:00  |k Rodrigo Vera 
999 |c 359220  |d 359218 
952 |0 0  |1 0  |3 erb  |4 0  |6 270_000000000000000_JED_1972  |7 0  |8 P  |9 468354  |a BIBTEO  |b BIBTES  |c TEO_FTES  |e Rehbein Pesce, Antonio, -2014  |i 518097K  |o 270 JED 1972  |p 518097K  |r 2024-01-18  |w 2019-11-23  |y BK  |z Catalogado en:20150529  |k ICR